Clash Royale: Arena 1 (Training Camp) All cards - Statistics

General Stats
  • This quiz has been taken 16 times
  • The average score is 8 of 9
Answer Stats
Hint Answer % Correct
Spell Arrows
100%
Spell Fireball
100%
Melee Knight
100%
Range Archers
92%
Win condition Giant
92%
Melee Mini pekka
92%
Range Minions
77%
Range Musketeer
77%
Tower Tower Princess
62%
No matching quizzes found
Score Distribution
Percent of People with Each Score
Percentile by Number Answered
Your Score History
You have not taken this quiz